[Event "Chioggia op-C 11th"]
[Site "Chioggia"]
[Date "2016.10.09"]
[Round "5"]
[White "Carbone, Roberto"]
[Black "Daniele, Fabio"]
[Result "1-0"]
[WhiteElo "1437"]
[BlackElo "1394"]
[PlyCount "49"]
[EventDate "2016.10.07"]
[EventType "swiss"]
[EventRounds "5"]
[EventCountry "ITA"]
[SourceTitle "EXT 2022"]
[Source "ChessBase"]
[SourceDate "2021.10.06"]
[SourceVersion "1"]
[SourceVersionDate "2021.10.06"]
[SourceQuality "1"]

1. e4 e5 2. Nf3 Nc6 3. Nc3 Bc5 4. Bb5 a6 5. Ba4 Nf6 6. d3 h6 7. Bxc6 dxc6 8. Nxe5 0-0 9. 0-0 Re8 10. Nf3 Bg4 11. Qe2 b5 12. Be3 Bd6 13. Bd2 Qe7 14. a4 Nd7 15. Rfe1 Ne5 16. Qe3 Nxf3+ 17. gxf3 Bh3 18. f4 Qe6 19. f5 Bxf5 20. exf5 Qxf5 21. Ne4 Qg4+ 22. Kf1 f5 23. Nf6+ gxf6 24. Qxh6 Qf3 25. Qg6+ 1-0